00392cam a22001097a 4500008004000000082002700040100002500067245007400092260004500166300001100211440006000222180718b1965 xxu||||| |||| 00| 0 eng d aA81x54 In2/61/5/Pt1A/3 aCensus of India 1961 aGujarat: general report on the census economic trends and projections aDelhibThe Manager of Publicationsc1965 a201+p. aCensus of India 1961. Volume V, Gujarat. Part I-A (iii)